Geography by Letter on the Map of Europe - A - Statistics

General Stats
  • This quiz has been taken 18,754 times
    5,540 since last reset
  • The average score is 13 of 20
Answers on the Map
Answers color-coded by a green-red scale on the quiz's map according to % correct below.
 
Answer Stats
Answer % Correct
Andorra
95%
Alps
93%
Atlantic Ocean
93%
Amsterdam
92%
Austria
89%
Adriatic Sea
88%
Albania
87%
Athens
85%
Aegean Sea
84%
Aberdeen
80%
Andalusia
77%
Aarhus
58%
Ajaccio
52%
Alsace
48%
Apennine Mountains
46%
Åland
44%
Sea of Azov
44%
Arkhangelsk
34%
Apulia
29%
Aneto
8%
No matching quizzes found
Score Distribution
Percent of People with Each Score
Percentile by Number Answered
Your Score History
You have not taken this quiz since the last reset